| 000 | 00579nam a2200205Ii 4500 | ||
|---|---|---|---|
| 003 | JO-AjNU | ||
| 008 | 230606s9999||||xx |||||||||||||| ||und|| | ||
| 020 | _a978-0-13-606-485-5 | ||
| 040 |
_aJO-AjNU _beng _erda _cJO-AjNU |
||
| 041 | _aeng | ||
| 050 | 1 | 4 | _aT353.T28.2009 |
| 100 | 3 |
_aGiesecke,Fredrick واخرون, _eauthor _94210 |
|
| 245 | 0 | 0 | _aTechnical Drawing |
| 264 | 3 | 1 | _aNew Jersy:pearson,2010 |
| 300 | _a506p | ||
| 336 |
_atext _btxt _2rdacontent |
||
| 337 |
_aunmediated _bn _2rdamedia |
||
| 338 |
_avolume _bnc _2rdacarrier |
||
| 650 | 4 |
_aTechnical Drawing _94211 |
|
| 999 |
_aE2190 _c2188 _d2188 |
||